Normal view
MARC view
Entry Uniform Title
001 - CONTROL NUMBER
- control field: 50601
003 - CONTROL NUMBER IDENTIFIER
- control field: dpl
005 - DATE AND TIME OF LATEST TRANSACTION
- control field: 20120730142006.0
008 - FIXED-LENGTH DATA ELEMENTS
- fixed length control field: 120730|||a|||||| | ||| d
040 ## - CATALOGING SOURCE
- Original cataloging agency: dpl
- Transcribing agency: dpl
130 ## - HEADING--UNIFORM TITLE
- Uniform title: The builder of Modern India
670 ## - SOURCE DATA FOUND
- Source citation: Work cat.: (dpl)41177: Sinha, Madhubala 50600, The builder of Modern India, Rabindranath Tagore /, 2010
670 ## - SOURCE DATA FOUND
- Source citation: Work cat.: (dpl)41177: Sinha, Madhubala 50600, The builder of Modern India, Rabindranath Tagore /, 2010
